| 000 | 00961nam a22001817a 4500 | ||
|---|---|---|---|
| 008 | 100408s2000 le||||gr|||| 001 0 ara d | ||
| 020 | _a9953431159 | ||
| 082 |
_222 _a320.5409174927 _bش و ى |
||
| 100 |
_913383 _aالشويري ، يوسف |
||
| 245 |
_aالقومية العربية: _bالأمة و الدولة فى الوطن العربى نظرة تاريخية/ _cيوسف الشويري |
||
| 246 |
_aArab Nationalism : _bA History Nation and State Arab World |
||
| 260 |
_a:بيروت _bمركز دراسات الوحدة العربية ، 2000 _c2000 |
||
| 300 |
_a374 ؛ص _c24سم. |
||
| 504 | _aيحتوى على ببليوجرافية ص347-362 و كشاف | ||
| 650 |
_913384 _aالقومية العربية |
||
| 942 |
_2ddc _cBB |
||
| 999 |
_c13859 _d13859 |
||